| 000 | 00623nam a2200205 4500 | ||
|---|---|---|---|
| 003 | BD-JhCC | ||
| 005 | 20230605175841.0 | ||
| 008 | 230605b2006 bg |||| |||| 000 0 ben d | ||
| 020 | _a9789849401230 | ||
| 035 | _a(BD-JhCC) | ||
| 040 |
_aBD-JhCC _dBD-JhCC |
||
| 041 | _aben | ||
| 082 |
_a891.4435 _bAHM 2019 |
||
| 100 | _aআহমেদ, ওয়াসি | ||
| 245 |
_aগল্পসংগ্রহ / _cওয়াসি আহমেদ |
||
| 260 |
_aঢাকা : _bচৈতন্য, _c২০১৯ |
||
| 300 |
_a৩৩২ পৃ.; _c২২ সেমি |
||
| 650 | _aBengali Short stories | ||
| 942 |
_2ddc _cBK |
||
| 999 |
_c12944 _d12944 |
||